Paroles : Le chasseur - Michel Delpech - Statistiques

Statistiques générales
  • Ce quiz a été pris 3 116 fois
  • Le résultat moyen est 152 sur 195
Statistiques - réponses
Paroles % Correct
le
99%
Le
99%
de
98%
De
98%
les
98%
Les
98%
La
96%
des
95%
me
94%
oies
94%
sauvages
94%
Par
93%
Passer
93%
dessus
92%
Et
92%
j'ai
92%
J'ai
92%
s'en
92%
Un
92%
Vers
92%
dans
91%
Dans
91%
Elles
91%
midi
91%
vu
91%
vol
90%
allaient
89%
Soudain
89%
mon
88%
au
87%
Au
87%
Méditerranée
87%
nuages
87%
du
85%
Il
84%
matin
83%
était
81%
cinq
80%
heures
80%
je
80%
Je
80%
fusil
79%
l'étang
79%
perdreaux
78%
mains
77%
soleil
76%
bout
75%
champs
75%
marécages
75%
forêt
74%
brillait
73%
chantait
73%
loin
70%
roseaux
70%
bien
69%
brume
67%
En
67%
Avec
65%
J'avais
64%
Couverts
63%
marais
63%
On
63%
Par-dessus
63%
peu
63%
l'altitude
62%
Montait
62%
chiens
61%
épagneul
60%
moi
60%
sentais
60%
j'étais
59%
coupable
58%
leur
58%
prenait
58%
ciel
57%
fond
57%
si
57%
voyage
57%
oiseaux
56%
promenade
56%
tout
56%
emmené
55%
suis
55%
Qui
54%
avançait
53%
bleu
53%
ces
53%
devant
53%
passereau
53%
parti
51%
seul
51%
Alors
50%
Là-haut
50%
marchaient
50%
tous
50%
accompagner
48%
aimé
48%
regardais
48%
étaient
47%
J'aurais
47%
pressés
44%
Oui,
23%
Aucun quiz correspondant
Distribution des résultats
% des personnes avec chaque résultat
Percentile par nombre de réponses
Votre historique - résultats
Vous n’avez pas pris ce quiz